Revenue management grundlagen und mathematische Methoden
Salvato in:
| Autore principale: | |
|---|---|
| Altri autori: | |
| Natura: | Libro |
| Lingua: | tedesco |
| Pubblicazione: |
Berlin
Springer
2008
|
| Serie: | Springer-Lehrbuch
|
| Soggetti: | |
| Tags: |
Nessun Tag, puoi essere il primo ad aggiungerne!!
|
MARC
| LEADER | 00000nam a2200000 4500 | ||
|---|---|---|---|
| 001 | 0137239 | ||
| 005 | 20240314090448.4 | ||
| 020 | |a 978-3-540-68843-3 | ||
| 022 | |a 0937-7433 | ||
| 041 | 0 | |a ger | |
| 044 | |a DE | ||
| 245 | 1 | 0 | |a Revenue management |b grundlagen und mathematische Methoden |c Robert Klein, Claudius Steinhardt |
| 264 | 1 | |a Berlin |b Springer |c 2008 | |
| 300 | |a xiii, 251 s. | ||
| 490 | 1 | |a Springer-Lehrbuch | |
| 830 | 0 | |a Springer-Lehrbuch | |
| 610 | 2 | 0 | |a manažment |
| 610 | 2 | 0 | |a príjmy |
| 610 | 2 | 0 | |a dôchodky |
| 610 | 2 | 0 | |a dane |
| 610 | 2 | 0 | |a tvorba cien |
| 610 | 2 | 0 | |a metódy matematické |
| 610 | 2 | 0 | |a modelovanie matematické |
| 610 | 2 | 0 | |a modely ekonomicko-matematické |
| 610 | 2 | 0 | |a modely stochastické |
| 610 | 2 | 0 | |a modely dynamické |
| 610 | 2 | 0 | |a modely statické |
| 100 | 1 | |a Klein, Robert | |
| 700 | 1 | |a Steinhardt, Claudius | |